书目信息 |
| 题名: |
生物学
|
|
| 作者: | ;哈尔滨医科大学 主编 | |
| 分册: | ||
| 出版信息: | 北京 人民卫生出版社 1978 |
|
| 页数: | 234页 | |
| 开本: | 26cm | |
| 丛书名: | ||
| 单 册: | ||
| 中图分类: | Q4 | |
| 科图分类: | ||
| 主题词: | 生物学--医学院校--教材 , 生理学 | |
| 电子资源: | ||
| ISBN: | ||
| 000 | 00670nam0 2200241 45 | |
| 001 | 0178005551 | |
| 005 | 20061123155058.01 | |
| 010 | @dCNY1.45 | |
| 091 | @a14048.3625 | |
| 100 | @a19950726d1978 em y0chiy0121 ea | |
| 101 | 0 | @achi |
| 102 | @aCN@b110000 | |
| 105 | @ay z 000yy | |
| 200 | 10 | @a生物学@Asheng wu xue@f哈尔滨医科大学主编 |
| 210 | @a北京@c人民卫生出版社@d1978 | |
| 215 | @a234页@d26cm | |
| 300 | @a全国高等医药院校试用教材 供医学、儿科、口腔、卫生专业用 | |
| 606 | @a生物学@x医学院校@x教材 | |
| 606 | 0 | @a生理学 |
| 690 | @aQ4@v3 | |
| 711 | 02 | @a哈尔滨医科大学@Aha er bin yi ke da xue@4主编 |
| 801 | 0 | @aCN@bTSSF@c20061123 |
| 905 | @a10447@dQ4@e2 | |
| 生物学/哈尔滨医科大学主编.-北京:人民卫生出版社,1978 |
| 234页;26cm |
| 全国高等医药院校试用教材 供医学、儿科、口腔、卫生专业用 |
| ISBN :CNY1.45 |
| ● |
| 相关链接 |
|
|
|
|
正题名:生物学
索取号:Q4/2
 
预约/预借
| 序号 | 登录号 | 条形码 | 馆藏地/架位号 | 状态 | 备注 |
| 1 | 0014671 | 000770516 | 第二样本阅览室/ [索取号:Q4/2] | 在馆 |